| 000 | 00297 a2200121 4500 | ||
|---|---|---|---|
| 999 |
_c321862 _d321862 |
||
| 001 | 86789 | ||
| 003 | NUST | ||
| 005 | 20180123153105.0 | ||
| 008 | 180123b xxu||||| |||| 00| 0 eng d | ||
| 082 | _a297.124 SHA | ||
| 100 |
_aDr Shafeeq Ur Rehman _99628 |
||
| 245 |
_aNimaz-e-Nabvi _hUrdu |
||
| 260 |
_aIslamabad _bDar-ul-Salam Publishers _c2012 |
||
| 300 | _a380p. | ||
| 942 |
_aCAE NUST _cBK _k297.124 SHA _2ddc |
||